| 000 | 01163namaa22003131i 4500 | ||
|---|---|---|---|
| 003 | EG-GICUC | ||
| 005 | 20260316113400.0 | ||
| 008 | 260304s2001 ba ||||jr|||| 001 0 ara d | ||
| 017 |
_a2001 / 4029 _bالمكتبة الوطنية (البحرين) |
||
| 020 | _a99901-01-25-6 | ||
| 040 |
_aEG-GiCUC _bara _cEG-GiCUC _dEG-GiCUC _erda |
||
| 082 | 0 | 4 |
_221 _a813.09 _bM2142 |
| 092 | 0 | 4 |
_221 _a813.09 _bM2142 |
| 099 | _a813.09 M2142 | ||
| 100 | 1 |
_aالمحادين، عبدالحميد _eمؤلف. |
|
| 245 |
_aجدلية المكان والزمان والإنسان في الرواية الخليجية/ _cعبدالحميد المحادين |
||
| 250 | _aالطبعة الاولى | ||
| 264 |
_aالبحرين : _bوزارة الإعلام، _c2001. |
||
| 300 |
_a؛ 347 صفحة _c24 سم |
||
| 336 |
_2rdacontent _atext |
||
| 337 |
_2rdamedia _aUnmediated |
||
| 338 |
_2rdacarrier _avolume |
||
| 504 | _a 345-323 ببليوجرافيا: صفحات. | ||
| 541 |
_aد. جابر عصفور ؛ _bالقاهرة ؛ _cإهداء ؛ _d2024. |
||
| 650 | 1 | 7 |
_aالقصص _xتاريخ ونقد _2qrmak |
| 651 | 1 | _2qrmak | |
| 905 | _aSamah | ||
| 942 |
_2ddc _cBK _e21 _n0 |
||
| 999 |
_c178871 _d178871 |
||